| 000 | 01077nac a22002411u 4500 | ||
|---|---|---|---|
| 008 | 100908t xxu||||| |||| 00| 0 eng d | ||
| 010 | _a98035386 | ||
| 020 | _a0070077169 | ||
| 082 | 0 | 0 |
_a624.184 _bBRE |
| 100 |
_aBreyer, Donald E. _918752 |
||
| 245 | 1 | 0 |
_aDesign of Wood Structures ASD / _cDonald E. Breyer, Kenneth J. Fridley, Kelly E. Cobeen. |
| 250 | _a4th ed. | ||
| 260 |
_aNew York : _bMcGraw Hill, _cc1998. |
||
| 300 |
_a1 v. (various pagings) : _bill. ; _c25 cm. |
||
| 504 | _aIncludes bibliographical references and index. | ||
| 650 | 0 |
_aBuilding, Wooden. _918753 |
|
| 700 | 1 |
_aFridley, Kenneth J., _d1963- _918754 |
|
| 700 | 1 |
_aCobeen, Kelly E. _918755 |
|
| 856 | 4 | 1 |
_3Table of contents only _uhttp://www.loc.gov/catdir/toc/mh022/98035386.html |
| 856 | 4 | 1 |
_3Contributor biographical information _uhttp://www.loc.gov/catdir/enhancements/fy0602/98035386-b.html |
| 942 |
_cBB _k624.184BRE _2ddc |
||
| 999 |
_c971 _d971 |
||